[Event "ICS rated blitz match"]
[Site "204.178.125.65"]
[Date "1999.10.17"]
[Round "?"]
[White "Skeletor"]
[Black "Hossa"]
[Result "1-0"]
[WhiteElo "2621"]
[BlackElo "2535"]
[PlyCount "111"]
[EventDate "1999.??.??"]

1. d4 Nc6 2. Nf3 d5 3. c4 dxc4 4. e4 Nf6 5. e5 Nd5 6. Bxc4 Bg4 7. O-O e6 8. Nc3
Nb6 9. Bb5 Be7 10. Bxc6+ bxc6 11. Be3 O-O 12. Qe2 Nd5 13. Ne4 Rb8 14. Rac1 Bxf3
15. gxf3 Qd7 16. Rfd1 f6 17. f4 Rb4 18. a3 Rb3 19. Rd2 Rfb8 20. Rc4 Qe8 21.
Rdc2 R8b6 22. Bc1 f5 23. Nc3 Qd7 24. Na4 Ra6 25. Nc5 Bxc5 26. dxc5 Ra5 27. a4
Qc8 28. Bd2 Ra6 29. Rd4 Qb7 30. Bc3 Qc8 31. Qc4 Qb7 32. Be1 Kh8 33. Rd1 Kg8 34.
Bd2 Kf8 35. Kf1 Rh3 36. Kg2 Qb3 37. Qxb3 Rxb3 38. a5 Ke7 39. h4 Nb4 40. Bxb4
Rxb4 41. Rcd2 Kf7 42. h5 Rb8 43. Rd7+ Kf8 44. Rxc7 Rxa5 45. Rdd7 h6 46. Rf7+
Ke8 47. Rxg7 Kf8 48. Rcf7+ Ke8 49. Rh7 Rxb2 50. Rc7 Kd8 51. Rcg7 Rxf2+ 52. Kxf2
Ra2+ 53. Kg3 Ra3+ 54. Kh4 Rh3+ 55. Kxh3 Kc8 56. Rh8# {Hossa checkmated} 1-0

[Event "ICS rated blitz match"]
[Site "204.178.125.65"]
[Date "1999.10.18"]
[Round "?"]
[White "Skeletor"]
[Black "Hossa"]
[Result "1-0"]
[WhiteElo "2708"]
[BlackElo "2455"]
[PlyCount "105"]
[EventDate "1999.??.??"]

1. d4 d5 2. c4 e6 3. Nc3 Nf6 4. Bg5 Nbd7 5. e3 c6 6. Nf3 Qa5 7. Nd2 Bb4 8. Qc2
dxc4 9. Bxf6 Nxf6 10. Nxc4 Qd8 11. Bd3 O-O 12. O-O Rb8 13. a3 Be7 14. Ne5 c5
15. Nf3 cxd4 16. Nxd4 e5 17. Nf5 Bd7 18. Rfd1 Rc8 19. Bb5 Rc7 20. Bxd7 Rxd7 21.
Qa4 Bc5 22. b4 Bb6 23. Rxd7 Qxd7 24. Qxd7 Nxd7 25. Nd6 Rb8 26. Nd5 Bd8 27. Rc1
Nf6 28. Nxf6+ gxf6 29. Kf1 h5 30. Ke2 b5 31. Rc6 Kf8 32. Nf5 Ra8 33. Rc5 a6 34.
Ng3 Be7 35. Rd5 Rc8 36. Rd7 Rc6 37. Ra7 h4 38. Nf5 Bd8 39. Kf3 Ke8 40. Nxh4 e4+
41. Kf4 Bc7+ 42. Kxe4 Bxh2 43. f4 Re6+ 44. Kd4 Kf8 45. Nf5 Kg8 46. Kd5 Rb6 47.
Nh6+ Kg7 48. Nxf7 Kg8 49. Nh6+ Kh8 50. Ng4 Bg3 51. Kc5 Re6 52. f5 Rd6 53. Rf7 {
Hossa resigns} 1-0

[Event "ICS rated blitz match"]
[Site "204.178.125.65"]
[Date "1999.10.06"]
[Round "?"]
[White "Skeletor"]
[Black "Hossa"]
[Result "1-0"]
[WhiteElo "2683"]
[BlackElo "2519"]
[PlyCount "92"]
[EventDate "1999.??.??"]

1. d4 d5 2. c4 e5 3. dxe5 d4 4. Nf3 Nc6 5. Nbd2 f6 6. exf6 Nxf6 7. Nb3 Bb4+ 8.
Bd2 Be7 9. Qc2 O-O 10. O-O-O Ng4 11. Be1 Bg5+ 12. e3 Bxe3+ 13. fxe3 Nxe3 14.
Qd2 Nxd1 15. Qxd1 Rf4 16. Qd2 Rg4 17. Bd3 Qf6 18. Qc2 Qh6+ 19. Kb1 Be6 20. h3
Kh8 21. Rg1 Rf4 22. Bd2 Rd8 23. Nc5 Bg8 24. Nxb7 Rb8 25. Qa4 Rxb7 26. Bxf4 Qxf4
27. Qxc6 Rb8 28. Qc5 Rd8 29. Qxa7 h6 30. Rd1 Qd6 31. Qa5 c5 32. Ne5 Re8 33.
Ng6+ Kh7 34. Qa4 Re3 35. Nf4+ Kh8 36. Rf1 Bf7 37. Qa8+ Re8 38. Qb7 Re7 39. Qc8+
Re8 40. Qf5 Re4 41. Qxe4 g6 42. Nxg6+ Qxg6 43. Qxg6 Bxg6 44. Bxg6 Kg7 45. Bd3
h5 46. a4 46... Kg8 {Hossa resigns} 1-0

[Event "ICS rated blitz match"]
[Site "204.178.125.65"]
[Date "1999.10.18"]
[Round "?"]
[White "Skeletor"]
[Black "Hossa"]
[Result "1-0"]
[WhiteElo "2681"]
[BlackElo "2482"]
[PlyCount "71"]
[EventDate "1999.??.??"]

1. d4 d5 2. c4 e6 3. Nf3 Nf6 4. Nc3 c6 5. e3 Nbd7 6. Bd3 dxc4 7. Bxc4 b5 8. Bd3
a6 9. e4 c5 10. d5 c4 11. dxe6 cxd3 12. exd7+ Qxd7 13. O-O b4 14. Na4 Qb5 15.
Nd4 Qa5 16. e5 Nd7 17. e6 fxe6 18. Nxe6 Ne5 19. Nxf8 Rxf8 20. Re1 Kf7 21. Qh5+
Kf6 22. Bf4 Nc4 23. Nc5 h6 24. Re4 Bf5 25. Rxc4 Qb5 26. Rac1 Rh8 27. Be3 d2 28.
Bd4+ Ke7 29. Qxf5 dxc1=R+ 30. Rxc1 Rhb8 31. Qe6+ Kd8 32. Bf6+ gxf6 33. Rd1+ Qd3
34. Rxd3+ Kc7 35. Qd6+ Kc8 36. Qd8# {Hossa checkmated} 1-0

[Event "ICS rated blitz match"]
[Site "204.178.125.65"]
[Date "1999.09.08"]
[Round "?"]
[White "Slivovitz"]
[Black "Hossa"]
[Result "1-0"]
[WhiteElo "2121"]
[BlackElo "2499"]
[PlyCount "35"]
[EventDate "1999.??.??"]

1. e4 c6 2. Nc3 d5 3. Nf3 d4 4. Ne2 c5 5. Ng3 Nc6 6. a3 e5 7. Bc4 Bd6 8. d3 Bg4
9. h3 Bxf3 10. Qxf3 Nf6 11. Bg5 Be7 12. Nf5 O-O 13. h4 Ne8 14. Qg4 Bxg5 15.
hxg5 b5 16. Qh5 Qa5+ 17. b4 Nc7 18. Qxh7# {Hossa checkmated} 1-0

[Event "ICS rated blitz match"]
[Site "204.178.125.65"]
[Date "1999.09.19"]
[Round "?"]
[White "Slivovitz"]
[Black "Hossa"]
[Result "1-0"]
[WhiteElo "2192"]
[BlackElo "2524"]
[PlyCount "116"]
[EventDate "1999.??.??"]

1. e4 c5 2. Nc3 Nc6 3. g3 e6 4. Bg2 Nf6 5. d3 Be7 6. Nge2 O-O 7. O-O d5 8. Bd2
d4 9. Nb1 b6 10. h3 Nd7 11. f4 Bb7 12. Bc1 a5 13. Nd2 f6 14. Nf3 e5 15. f5 Rc8
16. a4 Bd6 17. b3 Qe7 18. g4 Rcd8 19. Ng3 Qf7 20. h4 Rfe8 21. Qe2 Nb4 22. Rf2
Rf8 23. Nh2 Nb8 24. g5 fxg5 25. hxg5 Qd7 26. Qh5 Qe8 27. Qh4 N8c6 28. Ng4 Bc8
29. Bf1 Rd7 30. Rh2 h6 31. g6 Be7 32. Qh5 Bf6 33. Bxh6 Rff7 34. gxf7+ Qxf7 35.
Qxf7+ Rxf7 36. Nxf6+ gxf6 37. Bc1 Rg7 38. Rg2 Nxc2 39. Rxc2 Rxg3+ 40. Rg2 Rxg2+
41. Kxg2 Nb4 42. Bd2 Nc6 43. Be2 Bd7 44. Rh1 Be8 45. Bh5 Bxh5 46. Rxh5 Kg7 47.
Kf3 Ne7 48. Rh6 Ng8 49. Rg6+ Kf7 50. Kg4 Ne7 51. Kh5 Nc8 52. Kh6 Ne7 53. Rg7+
Ke8 54. Rxe7+ Kxe7 55. Kg6 Kd6 56. Kxf6 b5 57. axb5 a4 58. bxa4 58... Kd7 {
Hossa resigns} 1-0

[Event "ICS rated blitz match"]
[Site "204.178.125.65"]
[Date "1999.08.29"]
[Round "?"]
[White "Slivovitz"]
[Black "Hossa"]
[Result "0-1"]
[WhiteElo "2150"]
[BlackElo "2480"]
[PlyCount "80"]
[EventDate "1999.??.??"]

1. e4 e6 2. Nf3 d5 3. Nc3 Bb4 4. exd5 exd5 5. d4 Ne7 6. Bd3 Bg4 7. h3 Bxf3 8.
Qxf3 c5 9. a3 Bxc3+ 10. bxc3 c4 11. Be2 Nbc6 12. O-O O-O 13. Bf4 Qd7 14. Rfe1
Qf5 15. Rac1 Rae8 16. Bd6 Qg5 17. Qg3 Qh6 18. Qf4 Qxf4 19. Bxf4 b5 20. Bf3 Rd8
21. Re2 Rfe8 22. Rce1 a6 23. Bc7 Rd7 24. Bb6 f5 25. Bc5 Kf7 26. g4 fxg4 27.
Bxg4 Rdd8 28. Re3 Ng6 29. Rxe8 Rxe8 30. Rxe8 Kxe8 31. Bc8 Nf4 32. Bxa6 Ne2+ 33.
Kg2 Nxc3 34. Bc8 g6 35. Be6 g5 36. Bg8 h6 37. Kf3 Kd7 38. Kg4 Ne4 39. Kf5 Nxc5
40. dxc5 40... Ne7+ {Slivovitz resigns} 0-1

[Event "ICS rated blitz match"]
[Site "204.178.125.65"]
[Date "1999.09.03"]
[Round "?"]
[White "Slonik"]
[Black "Hossa"]
[Result "0-1"]
[WhiteElo "2213"]
[BlackElo "2598"]
[PlyCount "116"]
[EventDate "1999.??.??"]

1. e4 e5 2. Nc3 Nf6 3. f4 exf4 4. e5 Ng8 5. d4 Qh4+ 6. g3 fxg3 7. Nf3 g2+ 8.
Nxh4 gxh1=Q 9. Nf3 Bb4 10. Qe2 Ne7 11. Bf4 Nd5 12. Bd2 Nxc3 13. bxc3 Ba3 14.
Kf2 c5 15. Re1 cxd4 16. cxd4 Bb2 17. Bg2 Qxe1+ 18. Bxe1 Nc6 19. d5 Nd4 20. Nxd4
Bxd4+ 21. Kg3 O-O 22. c3 Bc5 23. d6 Re8 24. Kf4 Bxd6 25. Kf3 Bxe5 26. Bh4 b6
27. Qe4 Rb8 28. Kf2 Bb7 29. Qxb7 Rxb7 30. Bxb7 Bxh2 31. Bd5 Be5 32. c4 Bd4+ 33.
Kf3 Re3+ 34. Kf4 Ra3 35. Be7 Rxa2 36. Bd6 Re2 37. Kf3 Re3+ 38. Kg2 Re8 39. Kg3
Be5+ 40. Bxe5 Rxe5 41. Kf4 Rxd5 42. cxd5 h5 43. Kg5 f6+ 44. Kxh5 a5 45. Kg6 a4
46. d6 a3 47. Kf5 a2 48. Ke4 a1=Q 49. Kd5 Qe5+ 50. Kc4 b5+ 51. Kb4 Kf7 52. Kb3
Qxd6 53. Kc3 Ke6 54. Kb3 Qd2 55. Ka3 Kd5 56. Kb3 Kd4 57. Ka3 Qc2 58. Kb4 58...
Qa4# {Slonik checkmated} 0-1

[Event "ICS rated blitz match"]
[Site "204.178.125.65"]
[Date "1999.09.03"]
[Round "?"]
[White "Slonik"]
[Black "Hossa"]
[Result "0-1"]
[WhiteElo "2219"]
[BlackElo "2592"]
[PlyCount "106"]
[EventDate "1999.??.??"]

1. d4 Nf6 2. g3 d5 3. Bg2 e6 4. Bg5 Be7 5. c4 dxc4 6. Qa4+ Nbd7 7. Nd2 c5 8.
Ngf3 O-O 9. Nxc4 cxd4 10. Nxd4 Ng4 11. Bxe7 Qxe7 12. h3 Qf6 13. hxg4 Qxd4 14.
Qc2 f5 15. gxf5 exf5 16. Rd1 Qg4 17. Bd5+ Kh8 18. Nd6 Qb4+ 19. Kf1 Ne5 20. Rh4
Qxd6 21. Rxh7+ Kxh7 22. Bg8+ Rxg8 23. Rxd6 Nf7 24. Rd5 Rd8 25. Rxd8 Nxd8 26. g4
Kg6 27. gxf5+ Bxf5 28. e4 Bh3+ 29. Ke2 Rc8 30. Qb3 Be6 31. Qg3+ Kf7 32. f4 Bxa2
33. f5 Nc6 34. Qg6+ Kg8 35. f6 Nd4+ 36. Ke3 Ne6 37. e5 a5 38. Qg2 Rc5 39. b4
Rxe5+ 40. Kd3 Nf4+ 41. Kd4 Nxg2 42. Kxe5 gxf6+ 43. Kxf6 axb4 44. Ke7 b3 45. Kd8
b2 46. Kc7 b1=Q 47. Kb8 Kf8 48. Kc8 Ke8 49. Kb8 Kd8 50. Ka7 Kc8 51. Ka8 Kc7 52.
Ka7 Qb6+ 53. Ka8 53... Qa6# {Slonik checkmated} 0-1

[Event "ICS rated blitz match"]
[Site "204.178.125.65"]
[Date "1999.09.24"]
[Round "?"]
[White "SluMan"]
[Black "Hossa"]
[Result "0-1"]
[WhiteElo "2092"]
[BlackElo "2384"]
[PlyCount "112"]
[EventDate "1999.??.??"]

1. b3 e5 2. Bb2 Nc6 3. e3 d5 4. Nf3 Bg4 5. Be2 e4 6. Nd4 Bxe2 7. Qxe2 Nxd4 8.
Bxd4 a6 9. d3 exd3 10. cxd3 Nf6 11. O-O Be7 12. Nd2 O-O 13. Nf3 Ng4 14. Rac1
Re8 15. h3 Nf6 16. Rc2 Bd6 17. Rfc1 Ba3 18. Bb2 Bxb2 19. Rxb2 c6 20. a4 Qe7 21.
b4 Rad8 22. d4 Rb8 23. b5 cxb5 24. axb5 Qa3 25. Rcb1 axb5 26. Rxb5 Rec8 27. Ne5
Rc1+ 28. Rxc1 Qxc1+ 29. Kh2 b6 30. Qa2 Qc7 31. g3 Qc8 32. Qb3 Qf5 33. Kg2 Qe6
34. Nd3 Qe4+ 35. Kg1 h6 36. Nf4 Rc8 37. Qd1 Rc6 38. Qb1 Qxb1+ 39. Rxb1 g5 40.
Nd3 h5 41. Ne5 Re6 42. Rb5 Kf8 43. Nd3 Ke7 44. Nb4 Rd6 45. Na6 g4 46. Nc7 gxh3
47. Kh2 Kd7 48. Kxh3 Kxc7 49. Kg2 Rc6 50. Rb1 Rc3 51. Rh1 b5 52. Kf3 b4 53. Ke2
Rc2+ 54. Kd3 Rxf2 55. Rb1 Ne4 56. Rxb4 56... Rd2# {SluMan checkmated} 0-1

[Event "ICS rated blitz match"]
[Site "204.178.125.65"]
[Date "1999.09.06"]
[Round "?"]
[White "Spiro"]
[Black "Hossa"]
[Result "0-1"]
[WhiteElo "2194"]
[BlackElo "2476"]
[PlyCount "70"]
[EventDate "1999.??.??"]

1. e4 Nc6 2. d4 d5 3. e5 Bf5 4. g4 Bg6 5. c3 e6 6. h4 f6 7. h5 Be4 8. f3 Bxb1
9. Rxb1 fxe5 10. Bb5 Kf7 11. Bxc6 bxc6 12. dxe5 Bc5 13. Ne2 Rb8 14. Nd4 Bxd4
15. Qxd4 Ne7 16. Qf4+ Kg8 17. O-O Ra8 18. b3 a5 19. Ba3 Nc8 20. Bc5 Nb6 21. a4
Nd7 22. Ba3 Qh4 23. Kg2 c5 24. Rh1 Qe7 25. g5 Rf8 26. Qg3 c6 27. f4 Rf5 28. b4
Nxe5 29. bxa5 Nc4 30. Rb8+ Rf8 31. Rxf8+ Qxf8 32. Qg4 Ne3+ 33. Kg3 Nxg4 34.
Kxg4 Qf5+ 35. Kg3 35... e5 {Spiro resigns} 0-1

[Event "ICS rated blitz match"]
[Site "204.178.125.65"]
[Date "1999.09.16"]
[Round "?"]
[White "Stafford"]
[Black "Hossa"]
[Result "0-1"]
[WhiteElo "2048"]
[BlackElo "2435"]
[PlyCount "56"]
[EventDate "1999.??.??"]

1. e4 c5 2. Nf3 Nc6 3. d4 cxd4 4. c3 dxc3 5. Nxc3 e6 6. Bc4 Bb4 7. O-O Nge7 8.
Qe2 Bxc3 9. bxc3 d5 10. Rd1 O-O 11. exd5 exd5 12. Bg5 f6 13. Bf4 Qa5 14. Bb3
Bg4 15. h3 Bxf3 16. Qxf3 Rad8 17. Rd2 Ne5 18. Qh5 Qxc3 19. Rad1 Nc4 20. Rd3 Qb4
21. Qg4 f5 22. Qg3 Rf7 23. Rd4 b5 24. Bg5 Qc5 25. Qh4 Rd7 26. Qf4 Nc6 27. h4
Nxd4 28. Rxd4 28... h6 {Stafford resigns} 0-1

[Event "ICS rated blitz match"]
[Site "204.178.125.65"]
[Date "1999.09.16"]
[Round "?"]
[White "Stafford"]
[Black "Hossa"]
[Result "0-1"]
[WhiteElo "2042"]
[BlackElo "2441"]
[PlyCount "56"]
[EventDate "1999.??.??"]

1. e4 c5 2. Nf3 Nc6 3. d4 cxd4 4. c3 dxc3 5. Nxc3 e6 6. Bc4 Bb4 7. O-O Nge7 8.
Qe2 Bxc3 9. bxc3 d5 10. Rd1 O-O 11. Bg5 f6 12. Bh4 Qa5 13. exd5 exd5 14. Bb3
Qxc3 15. Rac1 Qa5 16. Nd4 Rf7 17. Qh5 Nb4 18. h3 Bd7 19. Bg3 Rc8 20. Rxc8+ Nxc8
21. Nf5 Bxf5 22. Qxf5 Nb6 23. Qe6 Qb5 24. a4 Qc6 25. Qg4 Qc3 26. a5 f5 27. Qf4
Qxb3 28. Rc1 28... Nd3 {Stafford resigns} 0-1

[Event "ICS rated blitz match"]
[Site "204.178.125.65"]
[Date "1999.09.16"]
[Round "?"]
[White "Stafford"]
[Black "Hossa"]
[Result "0-1"]
[WhiteElo "2025"]
[BlackElo "2458"]
[PlyCount "35"]
[EventDate "1999.??.??"]

1. e4 c5 2. Nf3 Nc6 3. d4 cxd4 4. Nxd4 Nf6 5. Nc3 Nxd4 6. Qxd4 b6 7. g3 e6 8.
Bg2 Bc5 9. Qd1 Bb7 10. Bg5 O-O 11. Bxf6 Qxf6 12. O-O Bc6 13. Qe2 Bd4 14. Rad1
Bxc3 15. bxc3 Qxc3 16. Rfe1 e5 17. Rd6 Qa3 18. c4 {Stafford resigns} 0-1

[Event "ICS rated blitz match"]
[Site "204.178.125.65"]
[Date "1999.09.16"]
[Round "?"]
[White "Stafford"]
[Black "Hossa"]
[Result "0-1"]
[WhiteElo "2036"]
[BlackElo "2447"]
[PlyCount "38"]
[EventDate "1999.??.??"]

1. e4 c5 2. Nf3 Nc6 3. d4 cxd4 4. c3 dxc3 5. Nxc3 e6 6. Bc4 Bb4 7. O-O Nge7 8.
Qe2 Bxc3 9. bxc3 d5 10. Rd1 O-O 11. Bg5 f6 12. Bh4 Qa5 13. exd5 exd5 14. Bb3
Qxc3 15. Rac1 Qa5 16. h3 Kh8 17. Nd4 Qb4 18. Ne6 Bxe6 19. Qxe6 19... Qxh4 {
Stafford resigns} 0-1

[Event "ICS rated blitz match"]
[Site "204.178.125.65"]
[Date "1999.10.11"]
[Round "?"]
[White "Stafford"]
[Black "Hossa"]
[Result "0-1"]
[WhiteElo "2090"]
[BlackElo "2389"]
[PlyCount "64"]
[EventDate "1999.??.??"]

1. e4 d5 2. exd5 c6 3. c4 cxd5 4. d4 e6 5. Nc3 Nf6 6. c5 Be7 7. Bd3 O-O 8. Nf3
b6 9. b4 bxc5 10. bxc5 Ba6 11. O-O Bxd3 12. Qxd3 Nc6 13. Re1 Nd7 14. Bf4 Rc8
15. a3 Qa5 16. h3 Bxc5 17. dxc5 Nxc5 18. Qe3 d4 19. Nxd4 Nxd4 20. Qxd4 Nb3 21.
Qb4 Qxb4 22. axb4 Nxa1 23. Rxa1 Rxc3 24. Rxa7 Rb3 25. Bd6 Rc8 26. Bc5 g5 27.
Kh2 Kg7 28. g4 Rd8 29. Kg2 Rdd3 30. h4 gxh4 31. Be7 Rd2 32. Ra4 32... h3+ {
Stafford resigns} 0-1

[Event "ICS rated blitz match"]
[Site "204.178.125.65"]
[Date "1999.09.16"]
[Round "?"]
[White "Stafford"]
[Black "Hossa"]
[Result "0-1"]
[WhiteElo "2036"]
[BlackElo "2421"]
[PlyCount "61"]
[EventDate "1999.??.??"]

1. e4 c5 2. Nf3 Nc6 3. d4 cxd4 4. c3 dxc3 5. Nxc3 b6 6. Bc4 Nf6 7. O-O Bb7 8.
Qe2 a6 9. Rd1 b5 10. Bb3 Na5 11. Bg5 Nxb3 12. axb3 b4 13. e5 Bxf3 14. Qxf3 bxc3
15. exf6 cxb2 16. Ra2 exf6 17. Bxf6 gxf6 18. Re1+ Be7 19. Qxf6 O-O 20. Qxb2 a5
21. Ra4 Bb4 22. Re4 f6 23. Rg4+ Kh8 24. Rh4 Re8 25. h3 Re1+ 26. Kh2 Rc8 27. Qd4
Qe7 28. Qg4 Rf1 29. Ra2 Rg8 30. Qh5 Bd6+ 31. f4 {Stafford resigns} 0-1

[Event "ICS rated blitz match"]
[Site "204.178.125.65"]
[Date "1999.09.16"]
[Round "?"]
[White "Stafford"]
[Black "Hossa"]
[Result "1-0"]
[WhiteElo "2021"]
[BlackElo "2462"]
[PlyCount "52"]
[EventDate "1999.??.??"]

1. e4 c5 2. Nf3 Nc6 3. d4 cxd4 4. c3 dxc3 5. Nxc3 b6 6. Bc4 a5 7. Qe2 e5 8. O-O
Bc5 9. Rd1 Nf6 10. Bg5 O-O 11. h3 Bb7 12. Nd5 Rc8 13. Nxf6+ gxf6 14. Bh6 f5 15.
exf5 d6 16. Bg5 Qd7 17. Nh4 Rfe8 18. Bf6 Ne7 19. Qg4+ Ng6 20. Nxg6 Bxf2+ 21.
Kxf2 Qxf5+ 22. Qxf5 Rxc4 23. Ne7+ Rxe7 24. Bxe7 Rf4+ 25. Qxf4 exf4 26. Rxd6
26... Be4 {Hossa resigns} 1-0

[Event "ICS rated blitz match"]
[Site "204.178.125.65"]
[Date "1999.09.16"]
[Round "?"]
[White "Stafford"]
[Black "Hossa"]
[Result "0-1"]
[WhiteElo "2025"]
[BlackElo "2458"]
[PlyCount "54"]
[EventDate "1999.??.??"]

1. e4 c5 2. Nf3 Nc6 3. d4 cxd4 4. c3 dxc3 5. Nxc3 e6 6. Bc4 Bb4 7. O-O Nge7 8.
Qe2 Bxc3 9. bxc3 d5 10. Rd1 O-O 11. exd5 exd5 12. Ba3 Be6 13. Bd3 Re8 14. Qc2
Ng6 15. Rab1 Rb8 16. Bc5 Bg4 17. Be2 Nf4 18. Be3 Nxe2+ 19. Qxe2 Ne5 20. Rd4
Bxf3 21. gxf3 Qd7 22. f4 Nc6 23. Rd2 Qf5 24. Rbd1 Rbd8 25. Qf3 Re4 26. Qg2 f6
27. c4 27... d4 {Stafford resigns} 0-1

[Event "ICS rated blitz match"]
[Site "204.178.125.65"]
[Date "1999.09.17"]
[Round "?"]
[White "Stafford"]
[Black "Hossa"]
[Result "0-1"]
[WhiteElo "2012"]
[BlackElo "2466"]
[PlyCount "44"]
[EventDate "1999.??.??"]

1. e4 c5 2. Nf3 Nc6 3. d4 cxd4 4. Nxd4 Nf6 5. Nc3 Nxd4 6. Qxd4 b6 7. Bg5 Bb7 8.
Bxf6 exf6 9. Bc4 Bc5 10. Qd3 O-O 11. O-O a5 12. Rad1 Bc6 13. Qg3 Re8 14. Kh1
Bb4 15. Rd3 Bxc3 16. Rxc3 Bxe4 17. Qh4 Re5 18. Rh3 Bxc2 19. f4 Re7 20. f5 h6
21. Rg3 Kh8 22. Qf4 22... Re4 {Stafford resigns} 0-1

[Event "ICS rated blitz match"]
[Site "204.178.125.65"]
[Date "1999.09.16"]
[Round "?"]
[White "Stafford"]
[Black "Hossa"]
[Result "0-1"]
[WhiteElo "2018"]
[BlackElo "2462"]
[PlyCount "20"]
[EventDate "1999.??.??"]

1. e4 c5 2. Nf3 Nc6 3. d4 cxd4 4. Nxd4 Nf6 5. Nc3 Nxd4 6. Qxd4 b6 7. Bc4 e6 8.
Bb3 Bc5 9. Qd3 O-O 10. Bg5 10... Bxf2+ {Stafford resigns} 0-1

[Event "ICS rated blitz match"]
[Site "204.178.125.65"]
[Date "1999.09.22"]
[Round "?"]
[White "StillRooked"]
[Black "Hossa"]
[Result "0-1"]
[WhiteElo "1526"]
[BlackElo "1907"]
[PlyCount "78"]
[EventDate "1999.??.??"]

1. d4 Nf6 2. c4 g6 3. Nc3 Bg7 4. e4 d6 5. f3 O-O 6. Be3 Nc6 7. Qd2 Nxd4 8. Bxd4
e5 9. Be3 Nh5 10. g3 Re8 11. Nge2 Qf6 12. Bg2 Qe6 13. Nd5 Qd7 14. O-O c6 15.
Ndc3 Qe6 16. b3 Nf6 17. Rad1 Bf8 18. Bh6 Bxh6 19. Qxh6 Kh8 20. Rd2 Ng8 21. Qe3
Re7 22. Rfd1 Rd7 23. f4 Nf6 24. Rf1 Ng4 25. Qf3 exf4 26. gxf4 Re7 27. Nd4 Qd7
28. Bh3 f5 29. Rfd1 Nxh2 30. Kxh2 Re8 31. exf5 c5 32. Ne6 gxf5 33. Bxf5 Rxe6
34. Bxe6 Qxe6 35. Qh3 Qxh3+ 36. Kg1 Qg3+ 37. Kf1 Bh3+ 38. Ke2 Re8+ 39. Ne4
39... Rxe4# {StillRooked checkmated} 0-1

[Event "ICS rated blitz match"]
[Site "204.178.125.65"]
[Date "1999.09.11"]
[Round "?"]
[White "Stoshu"]
[Black "Hossa"]
[Result "0-1"]
[WhiteElo "2038"]
[BlackElo "2448"]
[PlyCount "68"]
[EventDate "1999.??.??"]

1. d4 d5 2. c4 e6 3. Nc3 Nf6 4. Bf4 Bb4 5. e3 Ne4 6. Rc1 O-O 7. Bd3 Nxc3 8.
bxc3 Ba3 9. Rc2 Bd7 10. Qe2 Ba4 11. Nh3 dxc4 12. Bxh7+ Kxh7 13. Qh5+ Kg8 14.
Ng5 Bxc2 15. O-O Nd7 16. Qe2 Bd3 17. Qh5 Nf6 18. Qh3 Bxf1 19. Kxf1 Bd6 20. g3
Bxf4 21. gxf4 Qe7 22. e4 Qa3 23. e5 Qc1+ 24. Kg2 Qxf4 25. exf6 Qxg5+ 26. Kf1
Qxf6 27. Qg3 Qf5 28. Qxc7 Qh3+ 29. Ke2 Qd3+ 30. Ke1 Qxc3+ 31. Ke2 Qd3+ 32. Ke1
c3 33. Qxb7 c2 34. Qb2 34... Qd1# {Stoshu checkmated} 0-1

[Event "ICS rated blitz match"]
[Site "204.178.125.65"]
[Date "1999.09.11"]
[Round "?"]
[White "Stoshu"]
[Black "Hossa"]
[Result "0-1"]
[WhiteElo "2032"]
[BlackElo "2454"]
[PlyCount "84"]
[EventDate "1999.??.??"]

1. c4 Nf6 2. Nc3 e5 3. g3 Bb4 4. Bg2 O-O 5. e4 d6 6. Nge2 Bg4 7. h3 Bxc3 8.
dxc3 Bxe2 9. Qxe2 Nfd7 10. O-O Nc6 11. Be3 Qe7 12. Rad1 f5 13. exf5 Rxf5 14.
Be4 Rff8 15. Bd5+ Kh8 16. Qc2 Nf6 17. Bg2 Qe6 18. b3 Rac8 19. Bd5 Qxh3 20. Bg2
Qh5 21. Rfe1 Ng4 22. Qd3 Qh2+ 23. Kf1 Qxg3 24. Kg1 Rxf2 25. Bxf2 Qxf2+ 26. Kh1
Qh4+ 27. Qh3 Nf2+ 28. Kg1 Nxh3+ 29. Bxh3 Qxh3 30. Rd2 Qg3+ 31. Rg2 Qxe1+ 32.
Kh2 Rf8 33. c5 Qxc3 34. cxd6 cxd6 35. b4 Qxb4 36. a3 Qxa3 37. Rc2 Qe3 38. Rg2
Rf2 39. Rxf2 Qxf2+ 40. Kh3 Qf3+ 41. Kh4 g6 42. Kg5 42... Qf4# {
Stoshu checkmated} 0-1

[Event "ICS rated blitz match"]
[Site "204.178.125.65"]
[Date "1999.09.11"]
[Round "?"]
[White "Stoshu"]
[Black "Hossa"]
[Result "0-1"]
[WhiteElo "2026"]
[BlackElo "2460"]
[PlyCount "73"]
[EventDate "1999.??.??"]

1. c3 e5 2. d3 d5 3. e3 Bd6 4. d4 Ne7 5. Ne2 O-O 6. Nd2 Nd7 7. g3 b6 8. Bg2 Ba6
9. O-O c5 10. Re1 Bb7 11. dxe5 Nxe5 12. c4 Nd3 13. Nc3 Nxe1 14. Qxe1 Be5 15.
Ndb1 Qd6 16. Bd2 Rad8 17. Nb5 Qd7 18. a4 Bxb2 19. Ra2 Bf6 20. Bc3 Bxc3 21.
N5xc3 dxc4 22. Bxb7 Qxb7 23. Qe2 Rd3 24. Rd2 Rfd8 25. Rxd3 cxd3 26. Qd2 Qf3 27.
Nd1 c4 28. Nbc3 Nd5 29. a5 bxa5 30. e4 Nxc3 31. Nxc3 h6 32. h4 f6 33. Qb2 d2
34. Qc2 d1=R+ 35. Nxd1 Rxd1+ 36. Qxd1 Qxd1+ 37. Kg2 {Stoshu resigns} 0-1

[Event "ICS rated blitz match"]
[Site "204.178.125.65"]
[Date "1999.10.15"]
[Round "?"]
[White "StrongBach"]
[Black "Hossa"]
[Result "0-1"]
[WhiteElo "1848"]
[BlackElo "2369"]
[PlyCount "80"]
[EventDate "1999.??.??"]

1. e3 d5 2. d4 Nf6 3. Bd3 c5 4. Bb5+ Bd7 5. c4 Bxb5 6. cxb5 e6 7. Nf3 Nbd7 8.
Bd2 Bd6 9. Qb3 cxd4 10. Nxd4 Nc5 11. Qc3 Nce4 12. Qc1 Ng4 13. Nc3 Nexf2 14.
Nxe6 fxe6 15. Ke2 Nxh1 16. Qxh1 Nxh2 17. Kd1 O-O 18. Kc2 a6 19. e4 dxe4 20.
bxa6 Qc7 21. Re1 Rxa6 22. Kb1 Bg3 23. Rd1 Qc4 24. Be1 Rf1 25. b3 Rxh1 26. bxc4
Rxe1 27. Rxe1 Bxe1 28. Nxe4 Rc6 29. c5 Bb4 30. Kc2 Bxc5 31. Kd3 Ng4 32. Nxc5
Rxc5 33. Ke4 Ra5 34. Kf3 h5 35. a4 Rxa4 36. Kg3 Ra3+ 37. Kf4 Re3 38. Kg5 Re5+
39. Kg6 Rf5 40. g3 40... Ne5# {StrongBach checkmated} 0-1

[Event "ICS rated blitz match"]
[Site "204.178.125.65"]
[Date "1999.09.23"]
[Round "?"]
[White "StrongBach"]
[Black "Hossa"]
[Result "0-1"]
[WhiteElo "1826"]
[BlackElo "2427"]
[PlyCount "38"]
[EventDate "1999.??.??"]

1. d4 Nf6 2. Qd3 d5 3. Nc3 e6 4. Qg3 Na6 5. a3 c5 6. Qh4 cxd4 7. Qxd4 Bc5 8.
Qd2 O-O 9. Qg5 Bd4 10. Qg3 Nc5 11. Bg5 Qb6 12. Ra2 Nce4 13. Nxd5 Qa5+ 14. b4
Qxd5 15. c4 Qxc4 16. Qf3 Qxa2 17. Qd3 Qa1+ 18. Bc1 Qxc1+ 19. Qd1 19... Bxf2# {
StrongBach checkmated} 0-1

[Event "ICS rated blitz match"]
[Site "204.178.125.65"]
[Date "1999.10.14"]
[Round "?"]
[White "StrongBach"]
[Black "Hossa"]
[Result "0-1"]
[WhiteElo "1933"]
[BlackElo "2370"]
[PlyCount "90"]
[EventDate "1999.??.??"]

1. Nf3 d5 2. Nc3 Nf6 3. Rg1 c5 4. b3 Nc6 5. a4 e5 6. Ng5 Ng4 7. h4 f6 8. Nh3
Nh2 9. Bb2 Nxf1 10. Rxf1 Bg4 11. Ng1 d4 12. Na2 f5 13. g3 Bh5 14. Nh3 Be7 15.
Ba3 O-O 16. f4 e4 17. Qb1 Qb6 18. Nf2 Qa5 19. Nd1 Qa6 20. Rf2 b5 21. axb5 Qxb5
22. Rg2 e3 23. Qc1 Qa5 24. Bb2 Rfb8 25. Rg1 Bf7 26. Rf1 Re8 27. Rh1 Rab8 28.
Rf1 Bf6 29. Rf3 Bh5 30. Nac3 Qd8 31. Rxe3 dxe3 32. Nxe3 Qd7 33. Ra4 Red8 34.
Ned5 Bd4 35. e3 Bf3 36. exd4 cxd4 37. Rc4 Bxd5 38. Nxd5 Qxd5 39. Kf2 Rb7 40.
Ba1 Rd6 41. Qb2 Qh1 42. Qa3 Re6 43. Qa4 Qe1+ 44. Kg2 Re2+ 45. Kh3 45... Qf1# {
StrongBach checkmated} 0-1